Coaches of the Gold Coast Suns - Statistics

General Stats
  • This quiz has been taken 12 times
    3 since last reset
  • The average score is 4 of 6
Answer Stats
Years Coach % Correct
2024- Damien Hardwick
100%
2018-2023 Stuart Dew
100%
2011-2014 Guy McKenna
67%
2015-2017 Rodney Eade
67%
2023 Steven King
33%
2017 Dean Solomon
0%
No matching quizzes found
Score Distribution
Percent of People with Each Score
Percentile by Number Answered
Your Score History
You have not taken this quiz since the last reset